000 00851nam a22002055i 4500
001 162010
003 ES-MaACL
005 20230906212414.0
008 980721m18631866sp |||| | spa d
040 _aCCPB | B
_bspa
_cCCPB | B
100 1 _aPezuela, Jacobo de la.
_9131083
245 1 0 _aDiccionario geografico, estadistico, historico de la Isla de Cuba /
_cpor don Jacobo de la Pezuela.
260 _a[Madrid] :
_b[s.n.],
_c1863-1866 (
_fImprenta del Establecimiento de Méllado, a cargo de don Joaquin Bernat)
300 _a4 v. ;
_c28 cm.
510 4 _aPalau,
_c224588
596 _aEn el tomo cuarto: Imprenta del Banco Industrial y Mercantil (1866)
597 _aT.I (216, 412 p.) -- T.II ( 572 p.) -- T.III (621 p.) -- T.IV (696 p.)
651 4 _aCuba-
_xGeografía-
_vDiccionarios.
_9137106
852 _aES-MaACL
_jG-868-71
_z-- Enc. hol.
999 _c162010
_d162010